El islam: historia, presente, futuro
Salvato in:
| Autore principale: | |
|---|---|
| Natura: | Libro |
| Lingua: | spagnolo |
| Pubblicazione: |
Madrid
Trotta
2007
|
| Edizione: | 2a. ed |
| Serie: | Colección Estructuras y Procesos. Serie Religión
|
| Soggetti: | |
| Tags: |
Aggiungi Tag
Nessun Tag, puoi essere il primo ad aggiungerne!!
|
MARC
| LEADER | 00000cam a2200000 a 4500 | ||
|---|---|---|---|
| 001 | UCG2036 | ||
| 003 | CL-VaPUC | ||
| 008 | 100610e20070000SP |||||||||||||||||spa|d | ||
| 020 | |a 9788481649208 | ||
| 082 | 0 | 4 | |a 290 |b KUN |2 21 |
| 100 | |a Küng, Hans |e author |9 416134 | ||
| 245 | 1 | 3 | |a El islam: historia, presente, futuro |
| 250 | |a 2a. ed | ||
| 300 | |a 847 p | ||
| 942 | |c BK | ||
| 945 | |d 20100610 00:00:00 |a cmena | ||
| 260 | |a Madrid |b Trotta |c 2007 | ||
| 650 | 0 | |a Islamismo |9 314084 | |
| 650 | 0 | |a Historia de la religión |9 313185 | |
| 650 | 7 | |a CONFLICTOS RELIGIOSOS |2 CL-VaPUC |9 434739 | |
| 583 | |a last modification |c 20130705 09:57:33 |k Rodrigo Vera | ||
| 490 | 0 | |a Colección Estructuras y Procesos. Serie Religión | |
| 999 | |c 341278 |d 341276 | ||
| 952 | |0 0 |1 0 |4 0 |6 290_000000000000000_KUN_2007 |7 0 |8 C |9 436653 |a BIBCUR |b BIBCUR |d 2019-11-22 |i 4671155 |o 290 KUN 2007 |p 4671155 |r 2025-04-22 |w 2019-11-22 |y BK |k CAC | ||
| 952 | |0 0 |1 0 |4 0 |6 290_000000000000000_KUN_2007 |7 0 |8 A |9 436654 |a BIBGIM |b BIBGIM |d 2019-11-22 |i 4983459 |o 290 KUN 2007 |p 4983459 |r 2025-01-15 |w 2019-11-22 |y BK |k ARA | ||
| 952 | |0 0 |1 0 |3 erd |4 0 |6 290_000000000000000_KUN_2007 |7 0 |8 A |9 436655 |a BIBDER |b BIBDER |i 5297117 |o 290 KUN 2007 |p 5297117 |r 2023-01-25 |w 2019-11-22 |y BK |z Catalogado en:20160708 |k DER | ||